[Event "Lenk op"]
[Site "Lenk"]
[Date "1991.??.??"]
[Round "8"]
[White "Erdelyi, Tamas"]
[Black "Csom, Istvan"]
[Result "0-1"]
[WhiteElo "2320"]
[BlackElo "2480"]

1.Nf3 e6 2.c4 b6 3.g3 Bb7 4.Bg2 c5 5.O-O Nf6 6.Nc3 d6 7.Re1 a6 8.e4 Qc7 9.d4 cxd4
10.Nxd4 Be7 11.Be3 O-O 12.g4 Nc6 13.Rc1 Nxd4 14.Bxd4 Nd7 15.Be3 Rfe8 16.b3 Rac8
17.g5 Qb8 18.f4 Bc6 19.Qg4 b5 20.Nd5 Bf8 21.cxb5 axb5 22.Nb4 Ba8 23.h4 Red8
24.Nd3 Nc5 25.Nxc5 dxc5 26.h5 g6 27.hxg6 hxg6 28.Rc2 c4 29.bxc4 Rxc4 30.Rxc4 bxc4
31.f5 exf5 32.exf5 Bxg2 33.Kxg2 Qc8 34.Rh1 gxf5 35.Qh4 Qc6+ 36.Kf2 Bg7 37.Qh7+ Kf8
38.Qxf5 Qxh1 39.g6 Qb7 40.Bc5+ Kg8  0-1

[Event "Wch U20"]
[Site "Mamaia"]
[Date "1991.??.??"]
[Round "?"]
[White "Savas, Levent"]
[Black "Vouldis, Angelos"]
[Result "1-0"]
[WhiteElo "2230"]
[BlackElo "2235"]

1.Nf3 Nf6 2.c4 c5 3.g3 b6 4.Bg2 Bb7 5.O-O e6 6.b3 Be7 7.Bb2 O-O 8.Nc3 a6
9.d4 cxd4 10.Nxd4 Bxg2 11.Kxg2 Qc7 12.e4 Qb7 13.f3 d6 14.Qe2 Nc6 15.Rad1 Rfd8
16.a4 Nxd4 17.Rxd4 Nd7 18.Rfd1 Rac8 19.Ba1 Nc5 20.Qc2 Qc6 21.R4d2 Bf6 22.Ne2 Bxa1
23.Rxa1 Nd7 24.Rad1 Ne5 25.Qc3 Qc7 26.Qb4 a5 27.Qa3 d5 28.exd5 exd5 29.Rxd5 Re8
30.Nf4 Ng6 31.Qd6 Nxf4+ 32.gxf4 Qb7 33.Qd7 Qb8 34.Rf5 Rc7 35.Qd6 Qc8 36.Re5 Rf8
37.f5 Rc6 38.Qd7 Qa8 39.Rd6 Rxd6 40.Qxd6 Rd8 41.Qxb6 Rd2+ 42.Kg3 h5 43.Qe3 Rd8
44.f6 Qb8 45.Kg2 g6 46.Rd5 Rxd5 47.cxd5 Qd8 48.Qe5 Qc8 49.h4 Qc2+ 50.Kg3 Qc8
51.d6 Qd8 52.Qe7 Qb8 53.Qc7 Qe8 54.Qe7 Qb8 55.Kg2 Qxb3 56.d7 Qc2+ 57.Kg3  1-0

[Event "WchT U26"]
[Site "Maringa"]
[Date "1991.??.??"]
[Round "6"]
[White "Hernandez, Gilberto"]
[Black "Rodriguez, Andres URU"]
[Result "1-0"]
[WhiteElo "2470"]
[BlackElo "2350"]

1.Nf3 Nf6 2.g3 e6 3.Bg2 b6 4.O-O Bb7 5.c4 c5 6.Nc3 Be7 7.d4 cxd4 8.Qxd4 Nc6
9.Qd1 d6 10.b3 a6 11.Bb2 O-O 12.e4 Ra7 13.Qe2 Qb8 14.Rfd1 Ba8 15.h3 Re8 16.Nh2 Nb4
17.Nf1 Nd7 18.Ne3 Nc5 19.a3 Nc6 20.b4 Nb3 21.Rab1 Nbd4 22.Qd2 b5 23.Ncd5 exd5
24.cxd5 Ne6 25.dxc6 Bxc6 26.Nd5 Bf8 27.h4 Qd8 28.Rbc1 Ba8 29.f3 f6 30.Qd3 Rf7
31.Rc2 Nc7 32.Rdc1 Nxd5 33.exd5 Rfe7 34.Kh2 Re3 35.Qf5 Qb6 36.Qg4 Kf7 37.Qh5+ Kg8
38.Qg4 Kf7 39.Rd1 R8e7 40.Bd4 Qd8 41.h5 Rc7 42.Bb6  1-0

[Event "AUS-ch"]
[Site "Melbourne"]
[Date "1991.??.??"]
[Round "7"]
[White "West, Guy"]
[Black "Johansen, Darryl K"]
[Result "1-0"]
[WhiteElo "2445"]
[BlackElo "2465"]

1.Nf3 Nf6 2.c4 e6 3.g3 b6 4.Bg2 Bb7 5.O-O c5 6.Nc3 Be7 7.d4 cxd4 8.Qxd4 d6
9.Rd1 a6 10.b3 Nbd7 11.Bb2 O-O 12.Rac1 Qc7 13.Ng5 Bxg2 14.Kxg2 Qb7+ 15.f3 Rfd8
16.Nce4 h6 17.Nh3 Ne8 18.Nhf2 Ndf6 19.Rd2 d5 20.cxd5 Nxd5 21.Qe5 Ne3+ 22.Kg1 Rxd2
23.Nxd2 Nd5 24.Nde4 Rc8 25.Nd3 Rxc1+ 26.Bxc1 Qc8 27.Qb2 f5 28.Nef2 Bf6 29.Qd2 Bd4
30.Kh1 Nef6 31.Nd1 b5 32.a3 e5 33.Bb2 Bxb2 34.Qxb2 e4 35.Qc1 Qe8 36.N3f2 Qe6
37.Kg2 Kh7 38.Qc2 Kg6 39.a4 b4 40.Qc5 Qb6 41.Qxb6 Nxb6 42.Ne3 Nbd7 43.Nc2 a5
44.Nd4 Nc5 45.Nd1 Nd5 46.Kf2 Kf6 47.Ne3 Nxe3 48.Kxe3 exf3 49.exf3 g6 50.Kd2 Nb7
51.f4 Nc5 52.Kc2 g5 53.Nc6 gxf4 54.gxf4 Nb7 55.Kd3 Kg6 56.Ne7+ Kf6 57.Nc6 Kg6
58.h3 Kh5 59.Ne7 Nd6 60.Kd4 Ne4 61.Kd3 Nd6 62.Kd4 Ne4 63.Nc6 Kh4 64.Nxa5 Kxh3
65.Nc4 Kg3 66.a5 Nf6 67.a6 Ne8 68.a7 Nc7 69.Ke5 h5 70.Ne3  1-0

[Event "Melbourne Masters"]
[Site "Melbourne"]
[Date "1991.??.??"]
[Round "7"]
[White "Danailov, Silvio"]
[Black "Wohl, Aleksandar H"]
[Result "1/2-1/2"]
[WhiteElo "2475"]
[BlackElo "2275"]

1.Nf3 c5 2.c4 Nf6 3.g3 b6 4.Bg2 Bb7 5.O-O e6 6.Nc3 Be7 7.d4 cxd4 8.Qxd4 O-O
9.Rd1 Nc6 10.Qf4 a6 11.b3 h6 12.Bb2 Qb8 13.Na4 Qa7 14.Rac1 b5 15.Nc3 bxc4
16.Qxc4 Rac8 17.Qf4 d5 18.e4 d4 19.Ne2 g5 20.Nxg5 e5 21.Qf5 hxg5 22.Qxg5+ Kh8
23.Bh3 Nh7 24.Qh5 Kg7 25.Bxc8 Rxc8 26.Nxd4 Nxd4 27.Bxd4 Qxd4 28.Rxd4 Rxc1+
29.Rd1 Rxd1+ 30.Qxd1 Bxe4 31.Qd7 Bc5 32.Qc8 Bd4 33.Qxa6 Ng5 34.Kf1 Nf3 35.h3 Ng5
36.Qc8 Bd3+ 37.Kg2 Be4+ 38.Kf1 Bd3+ 39.Kg2 Be4+ 40.Kf1  1/2-1/2

[Event "Miedzybrodzie op"]
[Site "Miedzybrodzie"]
[Date "1991.??.??"]
[Round "6"]
[White "Kalinin, Alexander"]
[Black "Budnikov, Alexandar"]
[Result "0-1"]
[WhiteElo "2360"]
[BlackElo "2440"]

1.c4 c5 2.Nf3 b6 3.g3 Bb7 4.Bg2 Nf6 5.O-O e6 6.Nc3 d6 7.d4 cxd4 8.Qxd4 a6
9.Rd1 Be7 10.b3 Nbd7 11.e4 Qb8 12.Ba3 Nc5 13.e5 dxe5 14.Qxe5 Qa7 15.Na4 Rc8
16.Nxc5 bxc5 17.Bb2 Qa8 18.Ne1 Bxg2 19.Nxg2 Qb7 20.Rd3 O-O 21.Rad1 Qb6 22.Ne3 Ne8
23.Ng4 f6 24.Qe2 Rf7 25.R1d2 Bf8 26.Qd1 Qc6 27.Bc3 Qb6 28.h4 h5 29.Ne3 g6
30.Qc2 Qc6 31.Ng2 Bh6 32.Rd1 Kh7 33.Bd2 Bg7 34.Nf4 e5 35.Nd5 e4 36.Re3 f5
37.Re2 Nc7 38.Nxc7 Rcxc7 39.Bc3 Bxc3 40.Qxc3 Rce7 41.Rd8 Rf6 42.Red2 f4 43.gxf4 Qe6
44.Kf1 Rg7 45.Re8 Qxe8 46.Qxf6 Rf7 47.Qxa6 e3 48.Re2 Qe4 49.Rxe3 Qxf4 50.Re2 Qf3
51.Ke1 Rd7 52.Rd2 Qc3  0-1

[Event "FRA-ch Acc"]
[Site "Montpellier"]
[Date "1991.??.??"]
[Round "1"]
[White "Roos, Celine"]
[Black "Pira, Davoud"]
[Result "0-1"]
[WhiteElo "2165"]
[BlackElo "2320"]

1.c4 c5 2.Nf3 e6 3.g3 b6 4.Bg2 Bb7 5.O-O Nf6 6.b3 Be7 7.Bb2 O-O 8.d3 d5 9.Nbd2 Nc6
10.e3 Qc7 11.Qe2 Rad8 12.Rad1 e5 13.cxd5 Nxd5 14.Nc4 Bf6 15.a4 Ndb4 16.Ne1 Qe7
17.Be4 g6 18.f4 exf4 19.Bxf6 Qxf6 20.gxf4 Rfe8 21.Nf3 Nd5 22.Bxd5 Rxd5 23.Qf2 Red8
24.Nce5 Nxe5 25.Nxe5 Qe7 26.Qg3 f6 27.e4 Rd4 28.Ng4 Bc8 29.f5 gxf5 30.Nxf6+ Kh8
31.e5 Qg7 32.Qxg7+ Kxg7 33.Nh5+ Kf7 34.Rf3 Be6 35.Ng3 Kg6 36.Rd2 Rg4 37.Kf2 Rd5
38.h3 Rb4 39.Ne2 Rxe5 40.d4 cxd4 41.Nxd4 Rd5 42.Rfd3 Kf6 43.Kf3 Bc8 44.Rd1 Ba6
45.R3d2 Rd7 46.Kf2 Bb7 47.h4 Rg7 48.Rd3 Rg2+ 49.Ke1 Rh2 50.h5 Be4  0-1

[Event "FRA-ch Acc"]
[Site "Montpellier"]
[Date "1991.??.??"]
[Round "7"]
[White "Giffard, Nicolas"]
[Black "Pira, Davoud"]
[Result "1-0"]
[WhiteElo "2325"]
[BlackElo "2320"]

1.c4 c5 2.Nf3 Nf6 3.g3 b6 4.Bg2 Bb7 5.O-O e6 6.Nc3 a6 7.Re1 Be7 8.e4 d6 9.d4 cxd4
10.Nxd4 Qc7 11.Be3 O-O 12.Rc1 Re8 13.f4 Nbd7 14.f5 Bf8 15.fxe6 fxe6 16.Bh3 Nc5
17.b4 Ncxe4 18.Nxe4 Bxe4 19.Nxe6 Qc6 20.Nxf8 Rxf8 21.Qd4 b5 22.Bg5 Bf3 23.Re7 Rae8
24.Be6+ Kh8 25.Bxf6 Rxf6 26.Bd7 Rxe7 27.Bxc6 Bxc6 28.cxb5 Bxb5 29.Rc8+ Be8
30.Rc1 h6 31.Rf1 Rxf1+ 32.Kxf1 Bb5+ 33.Kf2 Re2+ 34.Kf3 Rxa2 35.h4 Bc6+ 36.Kf4 Re2
37.Qxd6 Bb5 38.g4 Rf2+ 39.Kg3 Re2 40.g5 hxg5 41.hxg5 Kh7 42.Kf3 Re8 43.Kg4 g6
44.Qf6 Bc4 45.Kf4 Re2 46.Qd4 Bb5 47.Qa7+ Kg8 48.Qb6 Kh7 49.Qc7+ Kg8 50.Qd6 Kh7
51.Kf3 Re8 52.Qf6 Bc4 53.Qf4 Bd5+ 54.Kg3 Bg8 55.Qh4+ Kg7 56.Qd4+ Kf8 57.Qd6+ Kg7
58.Qxa6 Re6 59.Qa7+ Kf8 60.b5 Re7 61.Qc5  1-0

[Event "FRA-ch Acc"]
[Site "Montpellier"]
[Date "1991.??.??"]
[Round "8"]
[White "Mercier, Jean Pierre"]
[Black "Roos, Celine"]
[Result "0-1"]
[WhiteElo "2225"]
[BlackElo "2165"]

1.Nf3 Nf6 2.c4 e6 3.g3 b6 4.Bg2 Bb7 5.O-O c5 6.b3 Be7 7.Bb2 O-O 8.e3 d5 9.Qe2 Nc6
10.d3 Qc7 11.Nbd2 Rfd8 12.Rfd1 d4 13.e4 Nd7 14.Rf1 Rf8 15.Ne1 Rae8 16.a3 f5
17.f4 fxe4 18.dxe4 e5 19.Nd3 Bf6 20.Kh1 Nd8 21.f5 Nf7 22.h4 Nd6 23.Nf2 Bd8
24.Nf3 Rxf5 25.exf5 Nxf5 26.Kh2 e4 27.Nh1 Nf6 28.Ng5 d3 29.Qd2 Nxh4 30.Bh3 Ng6
31.Be6+ Rxe6 32.Nxe6 Qd7 33.Nxd8 Ng4+ 34.Kg1 e3 35.Qc3 Bxh1 36.Kxh1 N4e5
37.Qe1 Qh3+ 38.Kg1 Ng4 39.Qxe3 Qh2+  0-1

[Event "Porz op26"]
[Site "Porz"]
[Date "1991.??.??"]
[Round "4"]
[White "Vaganian, Rafael A"]
[Black "Kruszynski, Wlodzimierz"]
[Result "1-0"]
[WhiteElo "2585"]
[BlackElo "2345"]

1.Nf3 Nf6 2.c4 b6 3.g3 c5 4.Bg2 Bb7 5.O-O e6 6.Nc3 d6 7.Re1 Nc6 8.d4 cxd4
9.Nxd4 Qd7 10.e4 Be7 11.b3 O-O 12.Ba3 a6 13.Rc1 Rab8 14.Nc2 Qc7 15.Ne3 Ne5
16.f4 Ned7 17.e5 Ne8 18.Bxb7 Rxb7 19.Qf3 Nb8 20.Ng4 dxe5 21.Bxe7 Qxe7 22.fxe5 Rd7
23.Ne4 Kh8 24.Rcd1 Rxd1 25.Rxd1 Nd7 26.Nef2 f5 27.exf6 Nexf6 28.Nxf6 Nxf6
29.Qc6 e5 30.Qxb6 e4 31.Qe3 Rc8 32.Re1 h6 33.Kg2 Rc5 34.Qd4 Re5 35.Nd3 Ra5
36.Re2 Kh7 37.c5 Rb5 38.c6 Rd5 39.Qc4 Rxd3 40.c7 Rd8 41.cxd8=Q Qxd8 42.Qxa6 Qd7
43.Qc4 h5 44.h3 h4 45.gxh4 Qf5 46.Re3 Qf4 47.Qd4 Qxh4 48.Qe5 Qh6 49.Kf2 Kg8
50.a4 Qh4+ 51.Ke2  1-0

[Event "Ptuj"]
[Site "Ptuj"]
[Date "1991.??.??"]
[Round "10"]
[White "Jelen, Iztok"]
[Black "Rajkovic, Dusan"]
[Result "1/2-1/2"]
[WhiteElo "2420"]
[BlackElo "2495"]

1.Nf3 Nf6 2.c4 e6 3.g3 b6 4.Bg2 Bb7 5.O-O c5 6.Nc3 Be7 7.d4 cxd4 8.Qxd4 Nc6
9.Qf4 O-O 10.Rd1 d6 11.b3 Qb8 12.Bb2 Rd8  1/2-1/2

[Event "Rimavska Sobota"]
[Site "Rimavska Sobota"]
[Date "1991.??.??"]
[Round "1"]
[White "Poley, Vladimir"]
[Black "Csom, Istvan"]
[Result "1/2-1/2"]
[WhiteElo "2445"]
[BlackElo "2480"]

1.Nf3 c5 2.g3 b6 3.Bg2 Bb7 4.c4 Nf6 5.O-O e6 6.b3 Be7 7.Bb2 O-O 8.Nc3 d6
9.e3 a6 10.d4 cxd4 11.exd4 Nbd7 12.Qe2 Re8 13.Rfd1 Bf8 14.Ne1 Qb8 15.Bxb7 Qxb7
16.Qf3 Rab8 17.a4 d5 18.cxd5 Nxd5 19.Nxd5 exd5 20.Nd3 Rbc8 21.Rac1 Bd6 22.Rxc8 Rxc8
23.Rc1 Rxc1+ 24.Bxc1 Nf8 25.Bf4 Be7 26.Be3 Ne6 27.Nf4 Nxf4 28.Bxf4 b5  1/2-1/2

[Event "Rimavska Sobota"]
[Site "Rimavska Sobota"]
[Date "1991.??.??"]
[Round "8"]
[White "Fominyh, Alexander"]
[Black "Csom, Istvan"]
[Result "1-0"]
[WhiteElo "2535"]
[BlackElo "2480"]

1.c4 Nf6 2.Nf3 e6 3.g3 b6 4.Bg2 Bb7 5.O-O c5 6.Nc3 Be7 7.d4 cxd4 8.Qxd4 d6
9.Bg5 a6 10.Bxf6 Bxf6 11.Qf4 Bxf3 12.exf3 Ra7 13.Rfd1 Be7 14.Qd4 O-O 15.f4 g6
16.h4 Nd7 17.Rac1 Qb8 18.Ne4 Rd8 19.h5 Rc7 20.b3 b5 21.h6 Bf8 22.c5 d5 23.c6 Qb6
24.Nf6+ Kh8 25.Qb2  1-0

[Event "Rishon Le Ziyyon"]
[Site "Rishon Le Ziyyon"]
[Date "1991.??.??"]
[Round "?"]
[White "Webster, Andrew"]
[Black "Ansell, Simon"]
[Result "1-0"]
[WhiteElo "2340"]
[BlackElo "2255"]

1.c4 Nf6 2.g3 e6 3.Nf3 b6 4.Bg2 Bb7 5.O-O c5 6.Nc3 d6 7.Re1 Be7 8.e4 O-O
9.d4 cxd4 10.Nxd4 Qc8 11.Be3 a6 12.Rc1 Nbd7 13.f4 Rd8 14.g4 Nc5 15.Bf2 g6
16.b4 Ncd7 17.f5 exf5 18.Nd5 Re8 19.exf5 Bf8 20.Ne6 fxe6 21.fxe6 Nxd5 22.cxd5 Qd8
23.Qf3 Re7 24.exd7 Rxd7 25.Qe3 b5 26.Qe6+ Rf7 27.Rf1 Bc8 28.Qxf7+  1-0

[Event "San Sebastian op"]
[Site "San Sebastian"]
[Date "1991.??.??"]
[Round "8"]
[White "Paunovic, Dragan"]
[Black "Mayer, Rene"]
[Result "1-0"]
[WhiteElo "2455"]
[BlackElo "2250"]

1.Nf3 c5 2.g3 b6 3.Bg2 Bb7 4.O-O Nf6 5.c4 e6 6.Nc3 Be7 7.d4 cxd4 8.Qxd4 d6
9.Rd1 a6 10.Ng5 Bxg2 11.Kxg2 O-O 12.Nge4 Ra7 13.Be3 Nxe4 14.Nxe4 f5 15.Nc3 Nd7
16.Rac1 Kh8 17.f3 Rc7 18.b3 Qb8 19.Qd2 b5 20.cxb5 axb5 21.a4 bxa4 22.bxa4 Rc6
23.Nb5 Rxc1 24.Rxc1 Rd8 25.Nd4 Nc5 26.Nc6 Nb3 27.Nxb8 Nxd2 28.Nc6  1-0

[Event "UKR-chT"]
[Site "Simferopol"]
[Date "1991.??.??"]
[Round "?"]
[White "Huzman, Alexander"]
[Black "Karpman, Vadim"]
[Result "1/2-1/2"]
[WhiteElo "2475"]
[BlackElo "2475"]

1.Nf3 Nf6 2.c4 b6 3.g3 c5 4.Bg2 Bb7 5.O-O e6 6.b3 Be7 7.Bb2 O-O 8.e3 d5 9.Nc3 dxc4
10.bxc4 Nc6 11.Qe2 a6 12.Rfd1 Qc7 13.d3 Rfd8 14.Ne1 Na7 15.a4 Bxg2 16.Nxg2 Nc6
17.g4 Rd7  1/2-1/2

[Event "SLO-ch"]
[Site "SLO"]
[Date "1991.??.??"]
[Round "?"]
[White "Gostisa, Leon"]
[Black "Osterman, Rudolf"]
[Result "1/2-1/2"]
[WhiteElo "2430"]
[BlackElo "2370"]

1.Nf3 c5 2.g3 b6 3.c4 Bb7 4.Bg2 Nf6 5.O-O e6 6.Nc3 Be7 7.d4 cxd4 8.Qxd4 d6
9.b3 O-O 10.Rd1 a6 11.Ba3 Nc6 12.Qf4 d5 13.cxd5 exd5 14.Bxe7 Nxe7 15.Rac1 b5
16.a4 bxa4 17.Nxa4 Bc6 18.Nd4 Bxa4 19.bxa4 Ra7 20.Nc6 Nxc6 21.Rxc6 Qe7 22.e3 Rd8
23.a5 Qa3 24.Qd4 Raa8 25.Ra1 Qe7 26.Rb1 Qa3 27.Ra1 Qe7 28.Bf3 Qd7 29.Rb6 Qc7
30.Rab1 h6 31.Rb7 Qc2 32.Kg2 Qf5 33.Rc1 Ne4 34.Rb6 h5 35.h4 Rac8 36.Rbc6 Rxc6
37.Rxc6 Rb8 38.Rxa6 Rb1 39.Ra8+ Kh7 40.Rd8 Rf1 41.Qb2 Rxf2+ 42.Qxf2 Nxf2
43.Kxf2 Qc2+ 44.Be2 Qf5+ 45.Bf3 Qc2+ 46.Be2 Qf5+ 47.Bf3 Qc2+  1/2-1/2

[Event "Smolensk"]
[Site "Smolensk"]
[Date "1991.??.??"]
[Round "?"]
[White "Beshukov, Sergei"]
[Black "Semeniuk, Alexander A"]
[Result "1/2-1/2"]
[WhiteElo "2305"]
[BlackElo "2370"]

1.Nf3 Nf6 2.c4 e6 3.g3 b6 4.Bg2 Bb7 5.O-O c5 6.Nc3 Be7 7.d4 cxd4 8.Qxd4 O-O
9.Rd1 d6 10.Bg5 Nbd7 11.Nb5 d5 12.cxd5  1/2-1/2

[Event "Smolensk"]
[Site "Smolensk"]
[Date "1991.??.??"]
[Round "?"]
[White "Semeniuk, Alexander A"]
[Black "Vaulin, Alexander"]
[Result "1/2-1/2"]
[WhiteElo "2370"]
[BlackElo "2510"]

1.Nf3 Nf6 2.g3 b6 3.Bg2 Bb7 4.O-O c5 5.c4 e6 6.b3 Be7 7.Bb2 d6 8.Nc3 Nbd7
9.d4 cxd4 10.Qxd4 a6 11.Rfd1 O-O 12.Ng5  1/2-1/2

[Event "Stavanger op"]
[Site "Stavanger"]
[Date "1991.??.??"]
[Round "4"]
[White "Egeli, Per Ove"]
[Black "Ostenstad, Berge"]
[Result "0-1"]
[WhiteElo "2220"]
[BlackElo "2475"]

1.c4 e6 2.Nf3 b6 3.g3 Bb7 4.Bg2 c5 5.O-O Nf6 6.Nc3 Be7 7.d4 cxd4 8.Qxd4 O-O
9.Rd1 d6 10.b3 Nbd7 11.Bb2 a6 12.Ng5 Bxg2 13.Kxg2 Qc7 14.Nge4 Rfd8 15.Nxf6+ Nxf6
16.f3 Qb7 17.Ne4 Ne8 18.Rac1 b5 19.Nf2 Rdc8 20.Qd3 Bg5 21.Rc2 h6 22.Nh3 bxc4
23.Rxc4 Rxc4 24.Qxc4 d5 25.Qd3 Bf6 26.Bxf6 Nxf6 27.Rc1 a5 28.Qd4 a4 29.b4 a3
30.Nf2 Qa6 31.Nd3 e5 32.Qc5 e4 33.Nf4 Rb8 34.Kf2 Qb7 35.Rc3 g5 36.Qd4 Qb6
37.Qxb6 Rxb6 38.Ng2 Rxb4 39.Rxa3 d4 40.fxe4 Rb1 41.e5 Ng4+ 42.Kf3 Nxh2+ 43.Ke4 Rg1
44.Nf4 gxf4 45.gxf4 Rg2 46.f5 Rxe2+ 47.Kxd4 Ng4 48.Rg3 h5 49.Rh3 Rd2+ 50.Kc5 Rxa2
51.e6 Ra5+ 52.Kd6 Rxf5 53.e7 Nf6 54.Ra3 Rd5+ 55.Kc6 Re5  0-1

[Event "SWZ-GP"]
[Site "Suhr"]
[Date "1991.??.??"]
[Round "1"]
[White "Nemet, Ivan"]
[Black "Rozentalis, Eduardas"]
[Result "1/2-1/2"]
[WhiteElo "2450"]
[BlackElo "2570"]

1.Nf3 Nf6 2.g3 b6 3.Bg2 Bb7 4.O-O e6 5.c4 c5 6.Nc3 Be7 7.Re1 O-O 8.e4 d6
9.d4 cxd4 10.Nxd4 Qc8 11.b3 Rd8 12.Bb2 Nbd7 13.Qe2 a6 14.Rac1 Qb8 15.f4 Qa7
16.Kh1 Rac8 17.f5 e5 18.Nc2 b5 19.cxb5 axb5 20.Nb4 Nc5 21.Ncd5 Re8 22.Nxf6+ Bxf6
23.Qxb5 Rb8 24.Qe2 Bxe4 25.Bxe4 Rxb4 26.Bc6 Reb8 27.Bc3 R4b6 28.Bd5 Qd7  1/2-1/2

[Event "SWZ-GP"]
[Site "Suhr"]
[Date "1991.??.??"]
[Round "5"]
[White "Landenbergue, Claude"]
[Black "Gavrikov, Viktor"]
[Result "0-1"]
[WhiteElo "2410"]
[BlackElo "2580"]

1.Nf3 Nf6 2.c4 c5 3.g3 b6 4.Bg2 Bb7 5.O-O e6 6.Nc3 Be7 7.d4 cxd4 8.Qxd4 d6
9.Rd1 a6 10.Ng5 Bxg2 11.Kxg2 Nc6 12.Qf4 O-O 13.Nge4 Ne8 14.b3 Ra7 15.Bb2 Rd7
16.Qe3 d5 17.cxd5 exd5 18.Qd2 d4 19.Nb1 f5 20.Qc1 Rc7 21.Qc4+ Kh8 22.Ned2 b5
23.Qd3 Nb4 24.Qxd4 Qxd4 25.Bxd4 Nc2 26.Nf3 Bf6 27.Bxf6 Nxf6 28.Nbd2 Nxa1
29.Rxa1 Rc2 30.a4 b4 31.Re1 Rd8 32.Nc4 Kg8 33.Nfe5 Re8 34.h3 g6 35.Kf1 Rc3
36.Rb1 Ne4 37.Rb2 Nc5  0-1

[Event "SWE-ch"]
[Site "SWE"]
[Date "1991.??.??"]
[Round "4"]
[White "Ornstein, Axel"]
[Black "Barkhagen, Jonas"]
[Result "1-0"]
[WhiteElo "2440"]
[BlackElo "2340"]

1.Nf3 Nf6 2.c4 e6 3.g3 b6 4.Bg2 Bb7 5.O-O c5 6.Nc3 a6 7.b3 Qc7 8.d4 cxd4
9.Qxd4 d6 10.Rd1 Nbd7 11.Ba3 Nc5 12.b4 Ncd7 13.b5 Nc5 14.bxa6 Bxa6 15.Ng5 Ra7
16.Nge4 Ncxe4 17.Nxe4 Nxe4 18.Bxe4 Bxc4 19.Rac1 b5 20.Bc6+ Qxc6 21.Qxa7 Qd7
22.Qb8+ Qd8 23.Qxd8+ Kxd8 24.Bxd6 Bxd6 25.Rxd6+ Ke7 26.Rd2 Ra8 27.Ra1 Ra3
28.Kf1 e5 29.Ke1 b4 30.Rb1 Bxa2 31.Rxb4 Be6 32.f3 Ra5 33.Kf2 Rc5 34.Rdb2 Kf6
35.Ra4 Bd7 36.Ra6+ Be6 37.Rab6 Rc1 38.R2b4 Rc8 39.R6b5 Re8 40.Rc5 g6 41.Rcb5 Re7
42.Ke3 Re8 43.Rb8 Re7 44.R4b7 Bd7 45.Rh8 h5 46.h4 e4 47.f4 Ke6 48.Ra8 Kd5
49.Raa7 Kc6 50.Rc7+ Kd6 51.Rc4 Bf5 52.Rxe7 Kxe7 53.Kd4 Kf6 54.Rc6+ Kg7 55.Ke5 Bh3
56.e3 Bg2 57.f5 gxf5 58.Kxf5 Bf3 59.Rb6  1-0

[Event "SWE-ch"]
[Site "SWE"]
[Date "1991.??.??"]
[Round "9"]
[White "Setterqvist, Kurt"]
[Black "Brynell, Stellan"]
[Result "1/2-1/2"]
[WhiteElo "2335"]
[BlackElo "2390"]

1.Nf3 Nf6 2.c4 c5 3.g3 b6 4.Bg2 Bb7 5.O-O e6 6.Nc3 Nc6 7.b3 Be7 8.Bb2 O-O
9.e3 a6 10.d4 cxd4 11.Nxd4 Rb8 12.Nxc6 Bxc6 13.Bxc6 dxc6 14.Qf3 Qc7 15.Rfd1  1/2-1/2

[Event "Vienna op"]
[Site "Vienna"]
[Date "1991.??.??"]
[Round "7"]
[White "Grillitsch, Karl"]
[Black "Podzielny, Karl Heinz"]
[Result "0-1"]
[WhiteElo "2300"]
[BlackElo "2455"]

1.Nf3 c5 2.c4 Nf6 3.g3 b6 4.Bg2 Bb7 5.O-O e6 6.Nc3 d6 7.d4 cxd4 8.Qxd4 a6
9.Bg5 Nbd7 10.Rfd1 Rc8 11.Rac1 Be7 12.Bxf6 Nxf6 13.Nd2 Bxg2 14.Kxg2 O-O 15.Nde4 Rc6
16.b3 Qc7 17.a4 Nxe4 18.Nxe4 d5 19.Nd2 b5 20.axb5 axb5  0-1

[Event "Waldshut BM"]
[Site "Waldshut"]
[Date "1991.??.??"]
[Round "1"]
[White "Kurz, Eugen"]
[Black "Schuh, Hubert"]
[Result "1-0"]
[WhiteElo "2305"]
[BlackElo "2375"]

1.Nf3 Nf6 2.c4 e6 3.g3 b6 4.Bg2 Bb7 5.O-O c5 6.Nc3 Be7 7.Re1 O-O 8.e4 d6
9.d4 cxd4 10.Nxd4 Qc8 11.b3 a6 12.Ba3 Nbd7 13.Qd2 Re8 14.Rac1 Qc7 15.f3 Nc5
16.Bb2 Rad8 17.Nd1 Qb8 18.Nf2 h6 19.Nc2 Ba8 20.Ne3 h5 21.Nc2 b5 22.cxb5 Qxb5
23.Nd4 Qb6 24.Bc3 Rc8 25.Bh3 Bf8 26.Ba5 Qb7 27.Rc2 Ncd7 28.Rec1 Rxc2 29.Rxc2 d5
30.Rc7 Qb8 31.exd5 Bxd5 32.Bg2 h4 33.f4 Nc5 34.Qc2 Qa8 35.Bxd5 Qxd5 36.Qc4 Qxc4
37.bxc4 Rb8 38.Nb3 Nxb3 39.axb3 Rxb3 40.Rc8 hxg3 41.hxg3 Rxg3+ 42.Kf1 Rf3
43.Bb4 Nd7 44.Bd6 Rc3 45.Ne4 Rc1+ 46.Ke2 Kh7 47.Bxf8 Nxf8 48.Kd2 Rf1 49.Rxf8 Rxf4
50.Ke3 e5 51.c5 f5 52.Nd6  1-0

[Event "Werfen op"]
[Site "Werfen"]
[Date "1991.??.??"]
[Round "5"]
[White "Ennsberger, Ulrich"]
[Black "Quinn, Mark"]
[Result "0-1"]
[WhiteElo "2135"]
[BlackElo "2275"]

1.Nf3 c5 2.g3 b6 3.Bg2 Bb7 4.O-O Nf6 5.c4 e6 6.Nc3 a6 7.d4 cxd4 8.Qxd4 d6
9.Rd1 Be7 10.Ng5 Bxg2 11.Kxg2 Ra7 12.Nge4 Nxe4 13.Nxe4 O-O 14.Be3 Rb7 15.Qd2 Qc7
16.Rac1 Rd8 17.f3 Nc6 18.Bf4 Ne5 19.h4 Qc8 20.Qc3 f6 21.b3 Rc7 22.Qe3 Rc6
23.Nc3 Ng6 24.h5 Nxf4+ 25.gxf4 f5 26.Qd2 Qd7 27.e4 fxe4 28.fxe4 b5 29.cxb5 axb5
30.f5 exf5 31.Qd5+ Kh8 32.Qxf5 Qxf5 33.exf5 Bg5  0-1

[Event "AUT-chT"]
[Site "AUT"]
[Date "1992.??.??"]
[Round "?"]
[White "Jurek, Josef"]
[Black "Froeschl, Felix"]
[Result "1-0"]
[WhiteElo "2315"]
[BlackElo "2235"]

1.Nf3 Nf6 2.g3 b6 3.c4 c5 4.Bg2 Bb7 5.O-O e6 6.Nc3 Be7 7.d4 O-O 8.d5 exd5
9.Nh4 Na6 10.Nf5 Nc7 11.cxd5 d6 12.e4 Bc8 13.g4 Nfe8 14.f4 Rb8 15.e5 Kh8
16.a4 a6 17.Ra3 b5 18.Ne4 g6 19.Nxe7 Qxe7 20.Be3 bxa4 21.exd6 Nxd6 22.Bxc5 Ncb5
23.b4 f6 24.Rxa4 Qd8 25.Nxd6 Nxd6 26.g5 Kg8 27.Ra3 Rb5 28.h4 Qc7 29.Rc3 a5
30.Bd4 Qd7 31.bxa5 Rxa5 32.Bxf6 Ra2 33.Rc2 Ra3 34.Bb2 Ra4 35.Be5 Ba6 36.Rff2 Nf5
37.Rc6 Bb5 38.Rc7 Qe8 39.d6 Bd7 40.Bd5+  1-0

[Event "Barcelona UGA"]
[Site "Barcelona"]
[Date "1992.??.??"]
[Round "5"]
[White "Bofill, Alejandro"]
[Black "Estremera Panos, Sergio"]
[Result "1/2-1/2"]
[WhiteElo "2400"]
[BlackElo "2330"]

1.c4 Nf6 2.g3 e6 3.Nf3 b6 4.Bg2 Bb7 5.O-O c5 6.b3 Be7 7.Bb2 O-O 8.e3 d5 9.Nc3 Nc6
10.cxd5 exd5 11.d4 Nb4 12.a3 Na6 13.Rc1 Qd7 14.Ne2 Rfd8 15.Nf4 Qe8 16.Ne5 Bf8
17.dxc5 bxc5 18.Qe2 Rab8 19.Rfd1 Rd6 20.Ned3 d4 21.Bxb7 Rxb7 22.Nxc5 Nxc5
23.Rxc5 dxe3 24.Re5 Rxd1+ 25.Qxd1 exf2+ 26.Kxf2 Qc6 27.b4 Rd7 28.Qf3 Rd2+
29.Re2 Ne4+ 30.Kg2 Rxe2+ 31.Nxe2 Qc2 32.Bd4 Ng5 33.Qe3 Qc6+ 34.Kf2 Ne4+ 35.Kg1 a6
36.Nc3 Nxc3 37.Qxc3 Qe4 38.a4 Qb1+ 39.Kg2 Qa2+ 40.Kg1 Qb1+ 41.Kg2 Qa2+ 42.Bf2 Qxa4
43.Bc5 Qc6+ 44.Kg1 a5 45.Qd4 axb4 46.Bxf8 Kxf8 47.Qxb4+ Ke8 48.Qb8+ Ke7 49.Qb4+ Ke6
50.Qg4+  1/2-1/2

[Event "Spring op"]
[Site "Budapest"]
[Date "1992.??.??"]
[Round "?"]
[White "Bashkov, Viacheslav"]
[Black "Ikonnikov, Vyacheslav"]
[Result "1-0"]
[WhiteElo "2450"]
[BlackElo "2490"]

1.Nf3 Nf6 2.c4 c5 3.g3 b6 4.Bg2 Bb7 5.O-O e6 6.b3 Be7 7.Bb2 d5 8.e3 O-O 9.d3 dxc4
10.bxc4 Nc6 11.Qe2 Qc7 12.Nc3 a6 13.Rab1 Rfd8 14.Rfd1 Rab8 15.Ba1 h6 16.h3 Na7
17.a4 Nc6 18.g4 Nb4 19.Na2 a5 20.Nc3 Bc6 21.Ne1 Bxg2 22.Nxg2 Rd7 23.Nb5 Qb7
24.Ne1 Rbd8 25.Bc3 Ne8 26.Rd2 Bf6 27.d4 Nc7 28.Rbd1 Nxb5 29.axb5 a4 30.Nf3 a3
31.Ra1 Ra8 32.Qd1 Qe4 33.Kg2 Rda7 34.Qb3 Be7 35.Bxb4 cxb4 36.Raa2 Ra4 37.Rd3 Bf8
38.Kg3 Bd6+ 39.Kg2 Bf8 40.Rd1 Be7 41.Rb1 Qg6 42.Ne5 Qe4+ 43.f3 Qb7 44.Nc6 Bf8
45.Qc2 g6 46.Rb3 Qd7 47.Qd2 Qd6 48.e4 Qd7 49.e5 Rc8 50.d5 exd5 51.cxd5 Bc5
52.d6 Re8 53.f4 Kh7 54.Qd5 Re6 55.Nb8  1-0

[Event "Buehl rapid"]
[Site "Buehl"]
[Date "1992.??.??"]
[Round "11"]
[White "Panzalovic, Srdjan"]
[Black "Bischoff, Klaus"]
[Result "0-1"]
[WhiteElo "2405"]
[BlackElo "2495"]

1.Nf3 Nf6 2.c4 c5 3.g3 b6 4.Bg2 Bb7 5.O-O e6 6.Nc3 d6 7.d4 cxd4 8.Qxd4 a6
9.Rd1 Be7 10.b3 Nbd7 11.e4 Qc8 12.Bb2 O-O 13.Rac1 Qc7 14.Ba3 Nc5 15.e5 dxe5
16.Qxe5 Rfc8 17.Bxc5 Bxc5 18.Qxc7 Rxc7 19.Na4 Ba3 20.Rc2 b5 21.Nb6 Rb8 22.Rcd2 Bxf3
23.Rd8+ Bf8 24.Rxb8 Bxd1 25.Na8 Rc5  0-1

[Event "Buenos Aires"]
[Site "Buenos Aires"]
[Date "1992.??.??"]
[Round "?"]
[White "Larsen, Bent"]
[Black "Szmetan, Jorge"]
[Result "1/2-1/2"]
[WhiteElo "2535"]
[BlackElo "2400"]

1.Nf3 c5 2.g3 b6 3.Bg2 Bb7 4.O-O Nf6 5.c4 e6 6.Nc3 Be7 7.Re1 d5 8.cxd5 Nxd5
9.e4 Nb4 10.d4 cxd4 11.Nxd4 N8c6 12.Nxc6 Qxd1 13.Rxd1 Bxc6 14.Bf4 Rd8 15.Rxd8+ Bxd8
16.Rd1 Na6 17.Bf1 Nc7 18.a4 g5 19.Be5 Rg8 20.f3 f6 21.Bd6 Rg7 22.Bc4 Rd7
23.b3 Kf7 24.Kf2 Be7 25.Bxc7 Rxc7 26.Nb5 Bxb5 27.axb5 Bc5+ 28.Ke2 Ke7 29.Rh1 h6
30.h4 Kd6 31.Rd1+ Ke7 32.hxg5 hxg5 33.f4 gxf4 34.gxf4 Rc8 35.Ra1 Rh8 36.Rxa7+ Kd6
37.Rf7 Rh3 38.Rxf6 Re3+ 39.Kf2 Rxe4+ 40.Kf3 Re3+ 41.Kg4 Ke7 42.Rh6 Bd6 43.Rh7+ Kf6
44.Rb7 Bc5 45.b4 Bd4 46.Rd7 Bc3 47.Rd6 Be1 48.Rxb6 Rg3+ 49.Kh5 Rh3+  1/2-1/2